Hacia una teoría dramática (Record no. 113804)
[ view plain ]
| 000 -LEADER | |
|---|---|
| fixed length control field | 00649nam a22001937a 4500 |
| 005 - DATE AND TIME OF LATEST TRANSACTION | |
| control field | 20190701125958.0 |
| 008 - FIXED-LENGTH DATA ELEMENTS--GENERAL INFORMATION | |
| fixed length control field | 160225b mx ||||| |||| 00| 0 spa d |
| 020 ## - INTERNATIONAL STANDARD BOOK NUMBER | |
| International Standard Book Number | 9786078092000 |
| 050 04 - LIBRARY OF CONGRESS CALL NUMBER | |
| Classification number | PN1631 |
| Item number | S47 2010 |
| 100 1# - MAIN ENTRY--PERSONAL NAME | |
| Personal name | Serguieievna Kurguinian, Maria |
| 245 10 - TITLE STATEMENT | |
| Title | Hacia una teoría dramática |
| Statement of responsibility, etc | / Maria Serguieievna Kurguinian ; traducción Armando Partida Tayzan. |
| 250 ## - EDITION STATEMENT | |
| Edition statement | 1a ed. |
| 260 ## - PUBLICATION, DISTRIBUTION, ETC. (IMPRINT) | |
| Place of publication, distribution, etc | Veracruz, Veracruz, México : |
| Name of publisher, distributor, etc | Instituto Veracruzano de la Cultura : |
| -- | Instituto de Cultura del Estado de Durango, |
| Date of publication, distribution, etc | 2010 |
| 300 ## - PHYSICAL DESCRIPTION | |
| Extent | 268 p. ; |
| Dimensions | 21 cm. |
| 490 0# - SERIES STATEMENT | |
| Series statement | Serie teoría. |
| -- | Paso de gato |
| 504 ## - BIBLIOGRAPHY, ETC. NOTE | |
| Bibliography, etc | Incluye bibliografías |
| 650 #4 - SUBJECT ADDED ENTRY--TOPICAL TERM | |
| Topical term or geographic name as entry element | Drama |
| General subdivision | Historia y crítica |
| 650 #7 - SUBJECT ADDED ENTRY--TOPICAL TERM | |
| Source of heading or term | lemb |
| Topical term or geographic name as entry element | Actuación teatral (drama) |
| 700 1# - ADDED ENTRY--PERSONAL NAME | |
| Personal name | Partida Tayzan, Armando, |
| Relator term | traducción |
| 942 ## - ADDED ENTRY ELEMENTS (KOHA) | |
| Source of classification or shelving scheme | Biblioteca del Cogreso de los Estados Unidos |
| Koha item type | Libro |
| Estado de pérdida | Fuente de clasificación | Estado del daño | No para préstamo | Ubicación permanente | Ubicación actual | Apartado o colección | Fecha de adquisición | Edición | Área del conocimiento | Clasificación | Código de Barras | Date last seen | Número de copia | Tipo de recurso | Fuente de adquisición | Costo por reposición |
|---|---|---|---|---|---|---|---|---|---|---|---|---|---|---|---|---|
| Biblioteca del Cogreso de los Estados Unidos | Biblioteca de la Facultad de Bellas Artes | Biblioteca de la Facultad de Bellas Artes | General | 01/07/2019 | 1a ed. | Educación y Humanidades | PN1631 S47 2010 | BBA000002412 | 01/07/2019 | C : 1 | Libro | Unidad Académica | 1.00 | |||
| Biblioteca del Cogreso de los Estados Unidos | Biblioteca de la Facultad de Filosofía | Biblioteca de la Facultad de Filosofía | General | 25/02/2016 | 1a ed. | Educación y Humanidades | PN1631 S47 2010 | BFF000015354 | 25/02/2016 | 1 | Libro |